CORDIS results pack on gender frontier research

Detalles Bibliográficos
Formato: eBook
Lenguaje:inglés
Publicado: Bruselas: European Union Publications Office, 2020
Materias:
Acceso en línea:Acceso restringido

MARC

LEADER 00000nam a22000007a 4500
005 2021090507467.0
007 cr|||| |||
008 210905s2020 eu |||||s|||| 00||0 eng d
020 |a 978-92-78-42353-7 
035 |a 34640 
040 |a vLex 
090 |c 12256  |d 12256 
245 0 0 |a CORDIS results pack on gender frontier research  |h [Recurso electrn̤ico] / 
256 |a Servicio en ln̕ea 
260 |a Bruselas:  |b European Union Publications Office,  |c 2020 
300 |a 1 recurso electrn̤ico 
500 |a Gender is much more than just the simple and traditional dichotomy between men and women. Gender issues impact all of our lives and the very concept of gender is being re-examined and redefined. This CORDIS Results Pack highlights some of the recent frontier research on issues relating to gender, funded by the European Research Council (ERC). It features the work of ERC grantees whose projects are working either within – or in several cases across – a multitude of academic fields within the humanities and social sciences. The common purpose of the 12 projects that feature in this CORDIS Results Pack is to challenge prevailing assumptions in mainstream science and society, and to shed new light on gender relations. This they do by harnessing a cross-cutting approach to gender that brings together perspectives of political science, sociology, history, international relations, law and philosophy. This collection of projects provides a tantalising snapshot of some fascinating, recent research. The scholars behind these efforts help advance our understanding of sex and gender, and their impact on society and individuals. Their work allows us to better comprehend one of the fundamental elements of human experience. 
506 1 |a Disponible solo en los productos indicados  |d vLex Global  |d vLex Global (Academic Edition, excluding Law Schools)  |d vLex Global (U.S. Academic Edition, Law Schools)  |d vLex Global (U.S. Academic Edition, excluding Law Schools)  |d vLex Global (Academic Edition, Law Schools) 
650 0 4 |a Ciencias sociales  |z Unin̤ Europea 
740 0 |a vLex Libros (Servicio en ln̕ea) 
856 4 0 |u https://app.vlex.com/#/sources/34640  |z Acceso restringido 
942 |c BOOK 
999 0 |a Social Sciences